| 000 | 00338nam a2200133Ia 4500 | ||
|---|---|---|---|
| 005 | 20260326100045.0 | ||
| 008 | 260326s9999||||xx |||||||||||||| ||und|| | ||
| 100 | _aMisle, Carlos Eduardo | ||
| 245 | 0 |
_aLa Caracas de RĂ³mulo Gallegos / _cCarlos Eduardo Misle |
|
| 260 | _bCromotip | ||
| 300 | _a163 p. | ||
| 650 | _aURBANISMO | ||
| 942 | _cBK | ||
| 999 |
_c7162 _d7162 |
||